Strešné drevené šindle

Uložené v:
Podrobná bibliografia
Korporatívny autor: BASK s.r.o. (Podlavická cesta 85, 974 01 Banská Bystrica) (Author)
Médium: Kniha
Jazyk:Slovak
Vydané: 2005
Fyzický popis: 1 l.
Tagy: Pridať tag
Žiadne tagy, Buďte prvý kto otaguje tento záznam!

MARC

LEADER 00000nam a2200000 a 4500
001 000328521
005 20050914110255.0
008 050914s2005 e sloo
040 |a KE001  |b slo 
080 |a 692.415  |2 undef 
110 2 |a BASK s.r.o. (Podlavická cesta 85, 974 01 Banská Bystrica)  |4 aut 
245 1 0 |a Strešné drevené šindle 
260 |c 2005 
300 |a 1 l. 
850 |a KE001 
998 |a FL 
992 |a FFP 
090 |g SCKHL  |k SK42  |a 692.415  |j 211153  |i I2285  |4 zastaraná  |s Vyradená